Statistics for Detailed Russian History

Click here to take the quiz!

General Stats

  • This quiz has been taken 60 times
  • The average score is 8 of 25

Answer Stats

QuestionsAnswers% Correct
The last royal dynasty of RussiaRomanov
100%
She began settling Alaska, effectively stretching the Empire across 3 continentsCatherine II
65%
Semi-autonomous people living on the Southern Steppes of Russia since the 1400sCossacks
48%
The first official Russian dynastyRurik
46%
Who decimalized the first currency in the world?Peter I
44%
Which great Russian poet died in a duel with a French cavalry officer?Pushkin
44%
Epic battle before the gates of Moscow in September 1812Borodino
39%
Name either of the two major Rus' cities the Mongols did not razeNovgorod/Pskov
39%
To who did Stalin appeal before signing the Molotov-Ribbentrop Pact?UK/France
39%
Which Tsar granted Finland autonomous status? (Helsinki Senate Square bears his statue)Alexander II
37%
This class was persecuted by Ivan IV ("the Terrible") which effectively led to a stronger, centralized RussiaBoyars
35%
Leader of Russia between the February and October RevolutionsKerensky
35%
Lenin, Stalin, Zinoviev, Kamenev, Sokolnikov, Bubnov, ... ?Trotsky
33%
The Soviet Union becomes the first nation to recognize its independenceIsrael
30%
In which year did this Tsar also lead a successful war against the Ottomans that led to Serbian, Bulgarian and Romanian independence?1877
24%
Name the period for the turbulent years when Russia underwent dynastic turmoil, wars with Sweden and an invasion from PolandTime of Troubles
22%
The Greek and modern Russian names for these VikingsVarangians
22%
Commander of the 2nd Belorussian Front - highly decorated and infamous Soviet MarshalRokossovsky
19%
Generalissimo, Count of the Holy Roman Empire, Prince of Italy - famously marched troops across the Alps and never lost a battleSuvorov
19%
Early pioneer of rocketry and astronautic theory that set forth the Soviet space programTsiolkovsky
15%
This school of thought proposes that the first Russian state was established by VikingsNormanist Theory
13%
From where did delegates put forth the famous Petropavlovsk resolution during the midst of the Russian Civil War?Kronstadt Naval Base
6%
Nicknamed the 'White General' - fought valiantly against the Turkomen and the OttomansSkobelev
6%
After the Soviet collapse, the Russian state sold its massive state enterprises that led to the rise of the oligarchs and the Russian mafia. Name this process (HINT: .... privatization)Voucher
6%
Tchaikovsky's big-name rivals on the nature and discourse of Russian musicMighty Five
4%

Score Distribution

Percentile by Number Answered

Percent of People with Each Score

Your Score History

You have not taken this quiz